Les meilleurs marqueurs français en carrière NBA - Statistiques

Statistiques générales
  • Ce quiz a été pris 308 fois
  • Le résultat moyen est 6 sur 10
Statistiques - réponses
Rang Joueur Points % Correct
1 Tony Parker 19 473
100%
2 Nicolas Batum 10 941
86%
3 Evan Fournier 9 607
84%
4 Rudy Gobert 9 592
82%
5 Boris Diaw 9 139
73%
6 Joakim Noah 5 881
51%
7 Mickaël Piétrus 4 629
32%
9 Kevin Séraphin 2 516
25%
10 Ronny Turiaf 2 209
23%
8 Ian Mahinmi 3 209
20%
Aucun quiz correspondant
Distribution des résultats
% des personnes avec chaque résultat
Percentile par nombre de réponses
Votre historique - résultats
Vous n’avez pas pris ce quiz